banner-ar

DIGIAL DESIGN FUNDAMENTALS,2NT ED / (Record no. 15083)

MARC details
000 -الفاتح
حقل البيانات ثابتة الطول 00468nam a2200169Ia 4500
008 - عناصر البيانات ثابتة الطول - معلومات عامة
حقل البيانات ثابتة الطول 140319s9999 xx 000 0 eng d
040 ## - مصدر الفهرسة
وكالة الفهرسة الأصلية GCL /
وكالة النسخ GCL
082 04 - رقم تصنيف ديوى العشرى
رقم التصنيف 005.72
رقم المادة D K
100 1# - المدخل الرئيسى - إسم شخصى
الإسم الشخصى BREEDING,KENNETH J
245 10 - بيان العنوان
العنوان DIGIAL DESIGN FUNDAMENTALS,2NT ED /
بيان المسئوليه,etc BREEDING,KENNETH J
260 ## - PUBLICATION, DISTRIBUTION, ETC. (IMPRINT)
تاريخ النشر أو التوزيع 1992
300 ## - الوصف المادى
التعداد 446 PP
650 04 - المدخل الاضافى بالموضوع-مصطلح موضوعى
مصطلح موضوعي FUNDAMENTALS
650 04 - المدخل الاضافى بالموضوع-مصطلح موضوعى
مصطلح موضوعي DIGITAL DESIGN
942 ## - عناصر المدخل الإضافي( كوها)
مصدر التصنيف او مخطط الترفيف Dewey Decimal Classification
Koha [default] item type كتاب
260 ## - PUBLICATION, DISTRIBUTION, ETC. (IMPRINT)
-- [S.N] :
-- PRENTICE- HELL INTERNATIONAL, INC. ،
Holdings
حالة التراجع حالة الفقد حالة تلف ليس للاعارة المكان المؤقت الموقع الحالى تاريخ الاكتساب اجمالي اﻻعارات رقم الطلب الباركود تاريخ اخر مشاهدة تاريخ تفعيل السعر نوع وعاء كوها
        مكتبة القاهرة الكبرى مكتبة القاهرة الكبرى 03/26/2014   005.72\D K 28104 03/26/2014 03/26/2014 كتاب
        مكتبة القاهرة الكبرى مكتبة القاهرة الكبرى 03/26/2014   005.72\D K 28105 03/26/2014 03/26/2014 كتاب

Powered By

EGPV